[Event "Pardubice op rapid 29th"]
[Site "Pardubice"]
[Date "2018.07.18"]
[Round "2"]
[White "Mirzoev, Emil"]
[Black "Lushnikov, Evgeny"]
[Result "1-0"]
[WhiteElo "2412"]
[BlackElo "2136"]
[PlyCount "81"]
[EventDate "2018.07.18"]
[EventType "swiss (rapid)"]
[EventRounds "9"]
[EventCountry "CZE"]
[SourceTitle "CBM 185 Extra"]
[Source "ChessBase"]
[SourceDate "2018.07.29"]
[SourceVersion "1"]
[SourceVersionDate "2018.07.29"]
[SourceQuality "1"]

1. d4 Nf6 2. c4 e6 3. Nc3 Bb4 4. a3 Bxc3+ 5. bxc3 0-0 6. f3 d5 7. cxd5 exd5 8. e3 c5 9. Bd3 b6 10. Ne2 Ba6 11. 0-0 Re8 12. Ng3 Bxd3 13. Qxd3 Nc6 14. Bb2 Rc8 15. Rae1 Na5 16. e4 Nc4 17. Bc1 cxd4 18. cxd4 dxe4 19. fxe4 Ne5 20. Qd2 Nc4 21. Qf2 Qd7 22. e5 Nd5 23. Nf5 Rc6 24. Qf3 Rg6 25. Nd6 Nxd6 26. Qxd5 Rge6 27. Bb2 R6e7 28. Rc1 Nb5 29. Qe4 Nc7 30. Rc3 Nd5 31. Rh3 g6 32. Qh4 h5 33. Rg3 Qb5 34. Bc1 Qe2 35. Rgf3 Rc7 36. Bg5 Re6 37. Bh6 Re8 38. h3 Kh7 39. Qg5 Ree7 40. Bf8 f6 41. Qh6+ 1-0

[Event "Olomouc op 20th"]
[Site "Olomouc"]
[Date "2017.08.17"]
[Round "7"]
[White "Kula, Dominik"]
[Black "Lushnikov, Evgeny"]
[Result "1/2-1/2"]
[WhiteElo "2153"]
[BlackElo "2121"]
[PlyCount "69"]
[EventDate "2017.08.12"]
[EventType "swiss"]
[EventRounds "9"]
[EventCountry "CZE"]
[SourceTitle "CBM 180 Extra"]
[Source "ChessBase"]
[SourceDate "2017.10.06"]
[SourceVersion "1"]
[SourceVersionDate "2017.10.06"]
[SourceQuality "1"]

1. e4 c5 2. Nf3 Nc6 3. Bb5 g6 4. 0-0 Bg7 5. c3 e5 6. Re1 Nge7 7. d3 0-0 8. Be3 Qb6 9. Na3 d5 10. exd5 Nxd5 11. Qa4 Nxe3 12. Rxe3 Bd7 13. Nc4 Qc7 14. Qa3 b6 15. Bxc6 Bxc6 16. Ncxe5 Bb7 17. Rae1 Rfe8 18. Qb3 Kf8 19. Ng5 Bxe5 20. Rxe5 Rxe5 21. Rxe5 h6 22. Ne6+ fxe6 23. Qxe6 Qf7 24. Qd6+ Kg8 25. Re6 Re8 26. Rxg6+ Kh7 27. Rxh6+ Kg7 28. f3 Bc8 29. Rh4 Qg6 30. Qc7+ Kg8 31. Qf4 Re2 32. g3 Rxb2 33. Rh6 Rb1+ 34. Kf2 Rb2+ 35. Kg1 1/2-1/2

[Event "Olomouc op 20th"]
[Site "Olomouc"]
[Date "2017.08.16"]
[Round "6"]
[White "Lushnikov, Evgeny"]
[Black "Stigar, Petter"]
[Result "1-0"]
[WhiteElo "2121"]
[BlackElo "2236"]
[PlyCount "63"]
[EventDate "2017.08.12"]
[EventType "swiss"]
[EventRounds "9"]
[EventCountry "CZE"]
[SourceTitle "CBM 180 Extra"]
[Source "ChessBase"]
[SourceDate "2017.10.06"]
[SourceVersion "1"]
[SourceVersionDate "2017.10.06"]
[SourceQuality "1"]

1. e4 e6 2. d4 d5 3. e5 c5 4. c3 Nc6 5. Nf3 Nge7 6. Na3 cxd4 7. cxd4 Nf5 8. Nc2 Qb6 9. Bd3 Be7 10. 0-0 0-0 11. a3 a5 12. g4 Nh6 13. Bxh6 gxh6 14. Qd2 Kg7 15. Rab1 f6 16. Qe3 Bd7 17. b4 axb4 18. axb4 fxe5 19. Nxe5 Nxe5 20. Qxe5+ Bf6 21. Qe3 Ba4 22. Rbe1 Rae8 23. Re2 Bxc2 24. Rxc2 Re7 25. g5 hxg5 26. Qh3 Kg8 27. Rfc1 Rg7 28. Rc8 Bxd4 29. Bxh7+ Rxh7 30. Rxf8+ Kxf8 31. Qxh7 Bg7 32. Qg6 1-0

[Event "Prague Summer op 4th"]
[Site "Prague"]
[Date "2017.08.10"]
[Round "8"]
[White "Lushnikov, Evgeny"]
[Black "Sprenar, Petr"]
[Result "0-1"]
[WhiteElo "2121"]
[BlackElo "1999"]
[PlyCount "88"]
[EventDate "2017.08.04"]
[EventType "swiss"]
[EventRounds "9"]
[EventCountry "CZE"]
[SourceTitle "CBM 179 Extra"]
[Source "ChessBase"]
[SourceDate "2017.08.23"]
[SourceVersion "1"]
[SourceVersionDate "2017.08.23"]
[SourceQuality "1"]

1. e4 c5 2. Nf3 d6 3. Bb5+ Nd7 4. 0-0 a6 5. Bd3 Ngf6 6. c4 e6 7. Nc3 Be7 8. Bc2 Ne5 9. Ba4+ Bd7 10. Bxd7+ Nfxd7 11. Nxe5 dxe5 12. Qg4 0-0 13. d3 Bf6 14. Be3 Qe7 15. Ne2 Rad8 16. Ng3 g6 17. Bh6 Bg7 18. Bxg7 Kxg7 19. f4 f5 20. Qf3 exf4 21. Qxf4 g5 22. Qd2 f4 23. Qc3+ Kg6 24. Ne2 Qf6 25. Qb3 Ne5 26. Rad1 Ng4 27. Rde1 Rd7 28. h3 Ne5 29. Nc1 Rfd8 30. Rd1 h5 31. Qc2 Nc6 32. h4 Ne5 33. hxg5 Qxg5 34. Rd2 f3 35. Rdf2 Qg3 36. Rxf3 Nxf3+ 37. Rxf3 Qe5 38. Kh1 Rf7 39. Ne2 Rxf3 40. gxf3 Qg5 41. f4 Qh4+ 42. Kg2 Rg8 43. Ng3 Qxf4 44. Qe2 Kf6 0-1

[Event "Prague Summer op 4th"]
[Site "Prague"]
[Date "2017.08.09"]
[Round "7"]
[White "Neuman, Petr"]
[Black "Lushnikov, Evgeny"]
[Result "1-0"]
[WhiteElo "2457"]
[BlackElo "2121"]
[PlyCount "125"]
[EventDate "2017.08.04"]
[EventType "swiss"]
[EventRounds "9"]
[EventCountry "CZE"]
[SourceTitle "CBM 179 Extra"]
[Source "ChessBase"]
[SourceDate "2017.08.23"]
[SourceVersion "1"]
[SourceVersionDate "2017.08.23"]
[SourceQuality "1"]

1. d4 e6 2. c4 b6 3. Nc3 Bb7 4. a3 f5 5. d5 Be7 6. g3 Nf6 7. Bg2 0-0 8. Nh3 e5 9. 0-0 d6 10. Ng5 Qd7 11. e4 Ne8 12. Ne6 Rf7 13. exf5 c6 14. Be4 cxd5 15. cxd5 Na6 16. b4 Rc8 17. Qd3 Nf6 18. f3 Nc7 19. b5 Qe8 20. Be3 Bf8 21. Rac1 h6 22. a4 Nd7 23. g4 Nc5 24. Bxc5 dxc5 25. Nxc7 Rfxc7 26. Qc4 Qf7 27. a5 Kh8 28. Ra1 Be7 29. axb6 axb6 30. Na4 Qf6 31. d6 Qxd6 32. Rfd1 Qf6 33. Bxb7 Rxb7 34. Nc3 Qg5 35. Qe4 Rbb8 36. Nd5 Rd8 37. Kh1 Bf6 38. Ra2 Qh4 39. Rad2 Rd6 40. Nf4 Rxd2 41. Ng6+ Kh7 42. Rxd2 Qh3 43. Kg1 c4 44. Rd6 c3 45. Rxf6 c2 46. Qxc2 Qxf3 47. Rf8 Qxg4+ 48. Kf2 Rxf8 49. Nxf8+ Kg8 50. Ng6 Qd4+ 51. Kf3 Kh7 52. Qe4 Qd1+ 53. Kg2 Qd2+ 54. Kh3 Qc3+ 55. Kh4 Qd2 56. Nxe5 Qxh2+ 57. Kg4 h5+ 58. Kg5 Kh8 59. Ng6+ Kh7 60. Nh4 Qg3+ 61. Kxh5 Kh8 62. Qe8+ Kh7 63. Qg6+ 1-0

[Event "Pardubice Czech op-A 28th"]
[Site "Pardubice"]
[Date "2017.07.29"]
[Round "9"]
[White "Lushnikov, Evgeny"]
[Black "Drnovsek, Gal"]
[Result "1/2-1/2"]
[WhiteElo "2050"]
[BlackElo "2440"]
[PlyCount "137"]
[EventDate "2017.07.21"]
[EventType "swiss"]
[EventRounds "9"]
[EventCountry "CZE"]
[SourceTitle "CBM 179 Extra"]
[Source "ChessBase"]
[SourceDate "2017.08.23"]
[SourceVersion "1"]
[SourceVersionDate "2017.08.23"]
[SourceQuality "1"]

1. e4 c5 2. Nf3 d6 3. Bb5+ Nd7 4. 0-0 a6 5. Bd3 Ngf6 6. Re1 e6 7. a4 b6 8. c4 Be7 9. Nc3 0-0 10. Bb1 e5 11. Nd5 Nb8 12. Qb3 Nfd7 13. a5 bxa5 14. Qa4 Nb6 15. Qb3 N8d7 16. Qc3 Nf6 17. Bc2 Nfxd5 18. cxd5 a4 19. Bxa4 Nxa4 20. Rxa4 Bd7 21. Ra3 Qb6 22. d3 Rfb8 23. Nd2 Qb4 24. Nc4 Qxc3 25. Rxc3 Bb5 26. Ra3 Kf8 27. b3 Ke8 28. Bd2 Kd7 29. Rea1 Bd8 30. g3 Bc7 31. Kg2 Rf8 32. f4 f6 33. Kf3 Rab8 34. Ba5 Rb7 35. Bxc7 Kxc7 36. Rxa6 Bxa6 37. Rxa6 Rxb3 38. Rc6+ Kb8 39. Nxd6 Rxd3+ 40. Kg4 g6 41. fxe5 fxe5 42. Rxc5 h6 43. Rc6 Re3 44. Kh3 Re2 45. Nb5 g5 46. Rb6+ Ka8 47. Rxh6 Rxe4 48. Ra6+ Kb7 49. Nd6+ Kxa6 50. Nxe4 Kb5 51. Nxg5 Kc4 52. d6 Kd5 53. d7 e4 54. Kg2 Rd8 55. h4 Rxd7 56. h5 Rg7 57. Nh3 Kc4 58. Nf4 Kc3 59. Nd5+ Kd3 60. Kh3 e3 61. Kh4 Ke4 62. Nxe3 Kxe3 63. h6 Rg8 64. Kh5 Rxg3 65. h7 Kf4 66. Kh6 Kf5 67. h8Q Rh3+ 68. Kg7 Rxh8 69. Kxh8 1/2-1/2

[Event "Pardubice Czech op-A 28th"]
[Site "Pardubice"]
[Date "2017.07.26"]
[Round "6"]
[White "Goluch, Piotr"]
[Black "Lushnikov, Evgeny"]
[Result "1-0"]
[WhiteElo "2288"]
[BlackElo "2050"]
[PlyCount "81"]
[EventDate "2017.07.21"]
[EventType "swiss"]
[EventRounds "9"]
[EventCountry "CZE"]
[SourceTitle "CBM 179 Extra"]
[Source "ChessBase"]
[SourceDate "2017.08.23"]
[SourceVersion "1"]
[SourceVersionDate "2017.08.23"]
[SourceQuality "1"]

1. d4 Nf6 2. c4 e6 3. g3 c5 4. d5 exd5 5. cxd5 d6 6. Nc3 g6 7. Bg2 Bg7 8. Nf3 0-0 9. 0-0 Na6 10. Nd2 Nc7 11. a4 a6 12. Nc4 Rb8 13. a5 Nfe8 14. Bf4 h6 15. Qd2 g5 16. Be3 Nb5 17. f4 Nd4 18. fxg5 Nb3 19. Qd3 Nxa1 20. gxh6 Bxc3 21. Qxc3 Bg4 22. Rxa1 f6 23. Qd3 f5 24. h3 Bh5 25. g4 Bg6 26. g5 Qe7 27. Bf4 Bh5 28. e3 Rd8 29. Qc3 Be2 30. Kf2 Bxc4 31. Qxc4 Nc7 32. Rg1 Rfe8 33. Bf3 Qf7 34. Qc3 Nb5 35. g6 Nxc3 36. gxf7+ Kxf7 37. bxc3 Rg8 38. Bh5+ Kf6 39. Rxg8 Rxg8 40. Bxd6 Rh8 41. Bf4 1-0

[Event "Pardubice Czech op-A 28th"]
[Site "Pardubice"]
[Date "2017.07.23"]
[Round "3"]
[White "Lushnikov, Evgeny"]
[Black "Kulon, Klaudia"]
[Result "1-0"]
[WhiteElo "2050"]
[BlackElo "2380"]
[PlyCount "147"]
[EventDate "2017.07.21"]
[EventType "swiss"]
[EventRounds "9"]
[EventCountry "CZE"]
[SourceTitle "CBM 179 Extra"]
[Source "ChessBase"]
[SourceDate "2017.08.23"]
[SourceVersion "1"]
[SourceVersionDate "2017.08.23"]
[SourceQuality "1"]

1. Nf3 Nf6 2. d4 g6 3. Bf4 Bg7 4. Nbd2 d6 5. e4 0-0 6. Bd3 c5 7. c3 e5 8. Bg5 h6 9. Bxf6 Bxf6 10. dxe5 dxe5 11. Nc4 Nc6 12. Ne3 Bg7 13. Bc4 Qa5 14. 0-0 b5 15. Bd5 Bb7 16. a4 b4 17. Nc4 Qc7 18. Nd6 Ba6 19. Bc4 Qb6 20. a5 Nxa5 21. Bxa6 Qxa6 22. cxb4 cxb4 23. Qd5 Rad8 24. Rfd1 Rxd6 25. Qxd6 Qxd6 26. Rxd6 Nc4 27. Rda6 Nxb2 28. Rxa7 f5 29. Nd2 Bf6 30. Ra8 Bg5 31. Nf3 Bf6 32. Rxf8+ Kxf8 33. Rb1 Nd3 34. Rb3 Nc5 35. Rxb4 Nxe4 36. Rb5 Nd6 37. Rd5 Ke7 38. Nxe5 Ke6 39. Rxd6+ Kxd6 40. Nxg6 Bg5 41. h4 Bc1 42. g3 Ke6 43. h5 Kf6 44. f4 Bb2 45. Nh4 Bd4+ 46. Kg2 Bc5 47. Nf3 Bd6 48. Kf2 Bc5+ 49. Ke2 Bd6 50. Nd2 Bc5 51. Nc4 Bd4 52. Kf3 Ba7 53. Ne5 Bd4 54. Nc4 Ba7 55. g4 Bc5 56. Nd2 Bb4 57. Nf1 Bc5 58. Ng3 fxg4+ 59. Kxg4 Ke6 60. Nf5 Bf8 61. Nd4+ Kd5 62. Nb5 Ke4 63. Nc7 Bd6 64. Ne6 Kd5 65. Kf5 Be7 66. Ng7 Bd6 67. Ne8 Bb4 68. Kg6 Ke6 69. Nf6 Bd2 70. f5+ Ke7 71. Ng8+ Kf8 72. Nxh6 Bc1 73. Nf7 Kg8 74. h6 1-0

[Event "Pardubice op rapid 28th"]
[Site "Pardubice"]
[Date "2017.07.20"]
[Round "6"]
[White "Lushnikov, Evgeny"]
[Black "Domogaev, Sergey"]
[Result "0-1"]
[WhiteElo "2050"]
[BlackElo "2395"]
[PlyCount "64"]
[EventDate "2017.07.19"]
[EventType "swiss (rapid)"]
[EventRounds "9"]
[EventCountry "CZE"]
[SourceTitle "CBM 179 Extra"]
[Source "ChessBase"]
[SourceDate "2017.08.23"]
[SourceVersion "1"]
[SourceVersionDate "2017.08.23"]
[SourceQuality "1"]

1. e4 a6 2. d4 c5 3. c3 cxd4 4. cxd4 d5 5. e5 Nc6 6. Nc3 Bf5 7. h4 h5 8. Qb3 Nxd4 9. Qa4+ Nc6 10. Qf4 e6 11. Nf3 Bb4 12. Bd2 Nge7 13. a3 Bc5 14. b4 Ba7 15. b5 Ng6 16. Qg3 Nd4 17. Rc1 0-0 18. bxa6 bxa6 19. Nxd4 Bxd4 20. f4 f6 21. Ne2 Bb2 22. Rc6 fxe5 23. Qf3 exf4 24. Bb4 Ne5 25. Qb3 Rf7 26. Rd6 Nd3+ 27. Kd2 Qf6 28. Nc3 Bc1+ 29. Kd1 Nxb4 30. Qxb4 Be3 31. Bxa6 Rc7 32. Nxd5 Bg4+ 0-1

[Event "Kaluga Tsiolkovsky Memorial op"]
[Site "Kaluga"]
[Date "2013.08.10"]
[Round "8"]
[White "Lushnikov, Evgeny"]
[Black "Kostin, Alexey"]
[Result "0-1"]
[WhiteElo "2032"]
[BlackElo "2312"]
[PlyCount "136"]
[EventDate "2013.08.03"]
[EventType "swiss"]
[EventRounds "9"]
[EventCountry "RUS"]
[SourceTitle "CBM 156 Extra"]
[Source "ChessBase"]
[SourceDate "2013.10.22"]
[SourceVersion "1"]
[SourceVersionDate "2013.10.22"]
[SourceQuality "1"]

1. c4 Nf6 2. Nf3 e6 3. Nc3 c5 4. g3 b6 5. Bg2 Bb7 6. 0-0 d6 7. d4 cxd4 8. Qxd4 a6 9. Bg5 Nbd7 10. Nd2 Bxg2 11. Kxg2 Qc7 12. Nde4 Nxe4 13. Qxe4 Rc8 14. b3 h6 15. Be3 Nf6 16. Qf3 Be7 17. Rac1 0-0 18. Na4 Nd7 19. Bd4 Qb8 20. Nc3 b5 21. cxb5 axb5 22. Qg4 Nf6 23. Bxf6 Bxf6 24. Ne4 Bb2 25. Rxc8 Rxc8 26. Qf3 d5 27. Nd2 Rc3 28. e3 Qa8 29. Qe2 Qc6 30. Nf3 Rc2 31. Qd1 Bf6 32. a3 e5 33. Re1 Ra2 34. Qb1 Rxa3 35. Qb2 Qa8 36. Rc1 b4 37. Rc7 e4 38. Nd4 Qa6 39. Qd2 Ra1 40. Rc1 Bxd4 41. exd4 Rxc1 42. Qxc1 Kh7 43. Qc5 Qb7 44. Qd6 h5 45. Qe5 g6 46. Qd6 Kg7 47. h4 Qb5 48. Qe5+ Kg8 49. Kg1 Qb7 50. Qe8+ Kg7 51. Qe5+ f6 52. Qe8 Qc7 53. Kg2 Qd6 54. Kh2 f5 55. Kg2 f4 56. gxf4 Qxf4 57. Qe7+ Kh6 58. Qd8 Qf3+ 59. Kg1 Qd1+ 60. Kg2 Qxd4 61. Qf8+ Qg7 62. Qxb4 d4 63. Kf1 Qf6 64. Ke1 e3 65. fxe3 Qxh4+ 66. Kd1 Qg4+ 67. Kc1 dxe3 68. Qf8+ Kg5 0-1

[Event "Moscow-ch U18"]
[Site "Moscow"]
[Date "2010.11.22"]
[Round "2"]
[White "Lushnikov, Evgeny"]
[Black "Gavrjuchenkova, Angelina"]
[Result "1/2-1/2"]
[WhiteElo "2015"]
[BlackElo "1915"]
[PlyCount "90"]
[EventDate "2010.11.21"]
[EventType "swiss"]
[EventRounds "9"]
[EventCountry "RUS"]
[SourceTitle "EXT 2012"]
[Source "ChessBase"]
[SourceDate "2011.11.24"]
[SourceVersion "1"]
[SourceVersionDate "2011.11.24"]
[SourceQuality "1"]

1. e4 c5 2. Nf3 d6 3. Bb5+ Bd7 4. Bxd7+ Qxd7 5. c4 Nc6 6. Nc3 Nf6 7. d4 cxd4 8. Nxd4 g6 9. f3 Bg7 10. Be3 0-0 11. 0-0 Rac8 12. b3 Rfe8 13. Rc1 e6 14. Ndb5 d5 15. cxd5 exd5 16. Nxd5 Nxd5 17. exd5 Rxe3 18. dxc6 Qxd1 19. Rfxd1 bxc6 20. Nxa7 Ra8 21. Nxc6 Rxa2 22. Re1 Rxe1+ 23. Rxe1 Rc2 24. Ne7+ Kf8 25. Nd5 Rd2 26. Nf4 Rb2 27. Rc1 Rxb3 28. Rc8+ Ke7 29. Rc7+ Ke8 30. Ne2 Rb2 31. Kf1 Rb1+ 32. Rc1 Rb2 33. Re1 Kf8 34. g3 Ra2 35. Rb1 Rc2 36. Rb8+ Ke7 37. Rb7+ Kf8 38. h4 Ra2 39. Rb3 Ra1+ 40. Kf2 Ra2 41. Ke3 Ra4 42. f4 Rc4 43. g4 Bf6 44. g5 Bg7 45. Kf3 h6 1/2-1/2

[Event "Moscow op-B"]
[Site "Moscow"]
[Date "2010.02.07"]
[Round "9.72"]
[White "Lushnikov, Evgeny"]
[Black "Gabdrakipov, Ilshat"]
[Result "0-1"]
[WhiteElo "1957"]
[BlackElo "2165"]
[PlyCount "88"]
[EventDate "2010.01.30"]
[EventType "swiss"]
[EventRounds "9"]
[EventCountry "RUS"]
[SourceTitle "EXT 2023"]
[Source "ChessBase"]
[SourceDate "2022.10.05"]
[SourceVersion "1"]
[SourceVersionDate "2022.10.05"]
[SourceQuality "1"]

1. e4 c5 2. Nf3 Nc6 3. d4 cxd4 4. Nxd4 g6 5. c4 Bg7 6. Be3 Nf6 7. Nc3 d6 8. Be2 0-0 9. 0-0 a5 10. f3 a4 11. Nxc6 bxc6 12. Nxa4 Qa5 13. Nc3 Be6 14. f4 Qb4 15. Qb3 Rfb8 16. f5 Qa5 17. Qc2 Bd7 18. Rad1 Be8 19. Kh1 Nd7 20. Qd2 Qb4 21. fxg6 hxg6 22. Bd4 Ne5 23. b3 Rb7 24. Nb1 c5 25. Bc3 Qb6 26. Ba1 Qd8 27. Nc3 Nc6 28. Nd5 Nd4 29. Bf3 Rba7 30. Qg5 Bc6 31. Nc3 Qf8 32. Qg3 Nc2 33. Bg4 Be5 34. Qh3 Nxa1 35. Rxa1 Qg7 36. Rac1 Qh8 37. Be6 Qxh3 38. Bxf7+ Kg7 39. gxh3 Bxc3 40. Rxc3 Rf8 41. Rcf3 Bxe4 42. Bd5 Bxf3+ 43. Rxf3 Rxf3 44. Bxf3 Rxa2 0-1

[Event "RUS-ch U12"]
[Site "Dagomys"]
[Date "2009.04.??"]
[Round "5"]
[White "Lushnikov, Evgeny"]
[Black "Bobrov, Alexey"]
[Result "1/2-1/2"]
[WhiteElo "1965"]
[BlackElo "2029"]
[PlyCount "82"]
[EventDate "2009.04.15"]
[EventType "swiss"]
[EventRounds "9"]
[EventCountry "RUS"]
[SourceTitle "EXT 2012"]
[Source "ChessBase"]
[SourceDate "2011.11.24"]
[SourceVersion "1"]
[SourceVersionDate "2011.11.24"]
[SourceQuality "1"]

1. e4 d6 2. d4 Nf6 3. Nc3 g6 4. f4 Bg7 5. Nf3 0-0 6. Bd3 c6 7. 0-0 b5 8. a3 Qb6 9. Kh1 Bg4 10. h3 Bxf3 11. Qxf3 Nfd7 12. d5 a6 13. Be3 Qb7 14. Rad1 c5 15. e5 dxe5 16. f5 b4 17. Ne4 Qc7 18. d6 exd6 19. f6 Bh8 20. Bh6 d5 21. Bxf8 Nxf8 22. Ng5 e4 23. Bxe4 dxe4 24. Qxe4 Nc6 25. Qd5 Rc8 26. Qxc5 Nd7 27. Qd6 Qxd6 28. Rxd6 Nxf6 29. Rfxf6 Bxf6 30. Rxf6 Nd4 31. axb4 Rxc2 32. Rxa6 Rxb2 33. Ra8+ Kg7 34. Ra7 Rxb4 35. Rxf7+ Kg8 36. Rd7 h6 37. Rd8+ Kg7 38. Rxd4 Rb1+ 39. Kh2 hxg5 40. Rd7+ Kf6 41. Rd6+ Kg7 1/2-1/2

[Event "RUS-ch U12"]
[Site "Dagomys"]
[Date "2009.04.??"]
[Round "3"]
[White "Lushnikov, Evgeny"]
[Black "Zenzera, Alexey"]
[Result "1/2-1/2"]
[WhiteElo "1965"]
[BlackElo "2099"]
[PlyCount "56"]
[EventDate "2009.04.15"]
[EventType "swiss"]
[EventRounds "9"]
[EventCountry "RUS"]
[SourceTitle "EXT 2012"]
[Source "ChessBase"]
[SourceDate "2011.11.24"]
[SourceVersion "1"]
[SourceVersionDate "2011.11.24"]
[SourceQuality "1"]

1. e4 c6 2. d4 d5 3. e5 Bf5 4. c4 e6 5. Nc3 Ne7 6. Nge2 h6 7. Ng3 Bh7 8. cxd5 cxd5 9. Bd3 Bxd3 10. Qxd3 Ng6 11. 0-0 Be7 12. f4 0-0 13. f5 exf5 14. Qxf5 Qb6 15. Be3 Bg5 16. Bxg5 Qxd4+ 17. Kh1 hxg5 18. e6 Qf6 19. exf7+ Qxf7 20. Qxg5 Qe6 21. Rxf8+ Nxf8 22. Nxd5 Na6 23. Rf1 Nh7 24. Ne7+ Kh8 25. Ng6+ Kg8 26. Ne7+ Kh8 27. Ng6+ Kg8 28. Ne7+ Kh8 1/2-1/2

[Event "Moscow Petrosian Memorial U18"]
[Site "Moscow"]
[Date "2009.01.??"]
[Round "2"]
[White "Litvinov, Konstantin"]
[Black "Lushnikov, Evgeny"]
[Result "1/2-1/2"]
[WhiteElo "1767"]
[BlackElo "1961"]
[PlyCount "135"]
[EventDate "2009.01.??"]
[EventType "swiss"]
[EventRounds "9"]
[EventCountry "RUS"]
[SourceTitle "EXT 2010"]
[Source "ChessBase"]
[SourceDate "2010.11.25"]
[SourceVersion "1"]
[SourceVersionDate "2010.11.25"]
[SourceQuality "1"]

1. d4 Nf6 2. c4 g6 3. Nc3 Bg7 4. Nf3 0-0 5. Bg5 c5 6. e3 d6 7. Be2 h6 8. Bh4 Bf5 9. 0-0 g5 10. Bg3 Nh5 11. Qb3 Nxg3 12. hxg3 b6 13. Rfd1 Nd7 14. Bd3 Bg4 15. Be4 Rc8 16. Qa4 Nf6 17. Bc2 a5 18. Rac1 Qc7 19. d5 h5 20. Rd2 Bh6 21. Re1 Qd7 22. Qb5 Bxf3 23. Qxd7 Nxd7 24. gxf3 Ne5 25. Bd1 Nxc4 26. Rc2 Bg7 27. Ree2 Nxb2 28. Rxb2 Bxc3 29. Rxb6 Rb8 30. Rb3 Bg7 31. Rxb8 Rxb8 32. Bb3 Rb4 33. Rc2 a4 34. Bc4 a3 35. Kf1 Rb2 36. Bd3 Kf8 37. f4 gxf4 38. exf4 e6 39. dxe6 fxe6 40. Re2 Kf7 41. Rxb2 axb2 42. Ke2 d5 43. a4 c4 44. Bb1 Ke7 45. Kd2 Kd6 46. Bg6 Kc5 47. Kc2 Kb4 48. Bf7 Ka3 49. Kb1 c3 50. Bg6 Kxa4 51. Bxh5 Kb3 52. Bd1+ Kc4 53. Kc2 d4 54. Be2+ Kb4 55. Bd3 Ka3 56. Kb1 Kb3 57. f3 c2+ 58. Bxc2+ Kc3 59. f5 exf5 60. Bxf5 d3 61. Bg4 d2 62. f4 Kd3 63. Bd1 Ke3 64. f5 Kf2 65. g4 Ke1 66. Bc2 Bf6 67. g5 Bxg5 68. Kxb2 1/2-1/2

[Event "Moscow Petrosian Memorial U18"]
[Site "Moscow"]
[Date "2009.01.??"]
[Round "5"]
[White "Lushnikov, Evgeny"]
[Black "Ramazashvili, Rainer"]
[Result "1/2-1/2"]
[WhiteElo "1961"]
[BlackElo "1841"]
[PlyCount "57"]
[EventDate "2009.01.??"]
[EventType "swiss"]
[EventRounds "9"]
[EventCountry "RUS"]
[SourceTitle "EXT 2010"]
[Source "ChessBase"]
[SourceDate "2010.11.25"]
[SourceVersion "1"]
[SourceVersionDate "2010.11.25"]
[SourceQuality "1"]

1. e4 c5 2. Nf3 e6 3. d3 Nc6 4. g3 g6 5. d4 cxd4 6. Nxd4 Bg7 7. Nb5 d5 8. exd5 exd5 9. Qxd5 Qxd5 10. Nc7+ Kf8 11. Nxd5 Bf5 12. Ne3 Re8 13. c3 Be4 14. Rg1 Ne5 15. Be2 Nh6 16. Nd2 f5 17. Nxe4 fxe4 18. Bd2 Kf7 19. 0-0-0 Rhf8 20. Nc4 Kg8 21. Nxe5 Rxe5 22. Bf4 Ra5 23. Bc4+ Kh8 24. Rd7 Ng4 25. Bd6 Bh6+ 26. Kb1 Rxf2 27. Rd8+ Kg7 28. Rd7+ Kh8 29. Rd8+ 1/2-1/2